Safety standards, laws and codes for the prevention of accidents and the preservation of health in all places of employment. Minnesota, 1950.
Saved in:
| Corporate Authors: | , , |
|---|---|
| Format: | Book |
| Language: | English |
| Published: |
St. Paul,
1950.
|
| Subjects: | |
| Tags: |
Add Tag
No Tags, Be the first to tag this record!
|
| LEADER | 00966nam a2200241K 4500 | ||
|---|---|---|---|
| 001 | 003473309-4 | ||
| 005 | 20020606093309.7 | ||
| 008 | 930623s1950 mnua 000 0 eng d | ||
| 035 | 0 | |a ocm28317934 | |
| 040 | |a MHS |c MHS |d HVL | ||
| 043 | |a n-us-mn | ||
| 090 | |a HD7835.M6 |b A5 1950 | ||
| 110 | 1 | |a Minnesota. | |
| 245 | 1 | 0 | |a Safety standards, laws and codes for the prevention of accidents and the preservation of health in all places of employment. Minnesota, 1950. |c Adopted by Industrial Commission of Minnesota and issued by Dept. of Labor and Industry, Division of Accident Prevention. |
| 260 | |a St. Paul, |c 1950. | ||
| 300 | |a 148 p. |b illus., diagrs. |c 23 cm. | ||
| 650 | 0 | |a Industrial laws and legislation |z Minnesota. | |
| 650 | 0 | |a Safety appliances. | |
| 650 | 0 | |a Accidents |x Prevention. | |
| 710 | 2 | |a Industrial Commission of Minnesota. | |
| 710 | 1 | |a Minnesota. |b Department of Labor and Industry. |b Division of Accident Prevention. | |
| 988 | |a 20020608 | ||
| 906 | |0 OCLC | ||


